000 00386nam a2200133Ia 4500
003 GCL
008 140319s9999 xx 000 0 ara d
040 _aGCL /
_cGCL
082 0 4 _a414
_bص ف
100 1 _aصباح عبيد درانة
245 1 0 _aفى البلاغة القرانية: اسرار الفصل والوصل /
_cصباح عبيد درانة
300 _a133 ص
490 _a
999 _c37830
_d37830